| 000 | 01375cam a2200265 4500 | ||
|---|---|---|---|
| 001 | ABS66991 | ||
| 008 | 030902n2003 000 0 eng u | ||
| 035 | _a(Sirsi) u123451 | ||
| 100 | _aHopkins, P. | ||
| 245 | 2 |
_aA new Housing Bill _h[electronic resource] |
|
| 260 | _c2003 | ||
| 490 |
_aLetting Update Journal _v11(2) July 2003,10-11(2) |
||
| 520 | _aAnalyses the government's latest reforms for the private rented market as set out in the draft Housing Bill published 31 March 2003. Covers the introduction of a new mandatory licensing scheme to protect tenants living in houses in multiple occupation (HMOs), the replacement of the housing fitness standard with the Housing Health and Safety Rating System (HHSRS) and selective licensing of private landlords. Looks at interim and final management orders, overcrowding notices and a number of other topics in less detail. | ||
| 590 | _aABS | ||
| 650 | _aHOUSES IN MULTIPLE OCCUPATION | ||
| 650 | _aHOUSING BILL | ||
| 650 | _aMANDATORY LICENSING | ||
| 650 | _aHOUSING FITNESS STANDARD | ||
| 650 | _aHOUSING HEALTH AND SAFETY RATING SYSTEM | ||
| 650 | _aLICENSING OF HOUSES IN MULTIPLE OCCUPATION | ||
| 650 | _aOVERCROWDING | ||
| 690 | _aHOUSING-PRIVATE RENTED SECTOR | ||
| 856 |
_uhttps://www.letlink.co.uk/LUJ/lujdatastore/pdfComplete/2003july.pdf _zView the article at www.letlink.co.uk |
||
| 942 | _n0 | ||
| 999 |
_c73323 _d73323 |
||